000 00936nam a2200337 a 4500
003 AR-BaBNM
005 20251128203506.0
008 082120s2002 ||||||||||||||000 | spa||
020 _a84-7100-425-9
040 _cAR-BaBNM
100 1 _aChaves Mendoza, Alvaro
245 0 0 _aLos indios de Colombia
250 _a1ª ed.
260 _aMadrid
_bMapfre
_c1992
300 _a349 p.
_bil., láms., mapas, tablas
490 0 _aIndios de América
_vv. 5
500 _aApéndices p. 319-349
650 4 _aCULTURAS LATINOAMERICANAS
650 4 _aHISTORIA SOCIAL
650 4 _aHISTORIA POLITICA
650 4 _aPERIODO HISPANICO
650 4 _aPERIODO INDEPENDIENTE
650 4 _aABORIGENES
651 4 _aColombia
700 1 _aMorales Gómez, Jorge
700 1 _aCalle Restrepo, Horacio
800 1 _aGallego, José Andrés
_ecoordinador
800 1 _aEsteva-Fabregat, Claudio
_edirector
942 _cBK
998 _cmariana
999 _c3632
_d3632